[Event "Doeberl Cup 47th"]
[Site "Canberra"]
[Date "2009.04.10"]
[Round "3"]
[White "Bird, Andrew"]
[Black "Grigg, Sam"]
[Result "1-0"]
[WhiteElo "2164"]
[BlackElo "1927"]
[PlyCount "75"]
[EventDate "2009.04.09"]
[EventType "swiss"]
[EventRounds "9"]
[EventCountry "AUS"]
[SourceTitle "CBM 129 Extra"]
[Source "ChessBase"]
[SourceDate "2009.05.05"]
[SourceVersion "2"]
[SourceVersionDate "2009.05.20"]
[SourceQuality "1"]

1. Nf3 d5 2. d4 c6 3. c4 Nf6 4. cxd5 cxd5 5. Nc3 Nc6 6. Bf4 Qb6 7. a3 Bg4 8. Na4 Qd8 9. Ne5 e6 10. f3 Bf5 11. g4 Bg6 12. h4 Rc8 13. Rc1 h6 14. Nxg6 fxg6 15. Qd3 Bd6 16. Qxg6+ Kf8 17. Nc5 Bxc5 18. dxc5 e5 19. Bg3 e4 20. Bd6+ Kg8 21. Bh3 exf3 22. g5 Qe8 23. Qxe8+ Rxe8 24. gxf6 Rxe2+ 25. Kf1 gxf6 26. Bg4 Re3 27. Re1 Rxe1+ 28. Kxe1 Nd4 29. Kf2 Kh7 30. Rd1 Nb3 31. Bf5+ Kg7 32. Rg1+ Kf7 33. Bg6+ Ke6 34. Re1+ Kd7 35. Re7+ Kc6 36. Rc7+ Kb5 37. Rxb7+ Kc4 38. Rb4# 1-0